LEADER 00785nam0-2200277 --450 001 9910915499403321 005 20241213121056.0 100 $a20241213d1955----kmuy0itay5050 ba 101 0 $aita 102 $aIT 105 $a 001yy 200 1 $aFisica e realtà$fKurt Rietzler$ga cura di Renato Giordano 210 $aVenezia$cNeri Pozza$d1955 215 $a156 p.$d21 cm. 225 1 $aBiblioteca di cultura$v5 610 0 $aFisica$aFilosofia 676 $a530$v20 700 1$aRiezler,$bKurt$0509799 702 1$aGiordano,$bRenato$c 801 0$aIT$bUNINA$gREICAT$2UNIMARC 901 $aBK 912 $a9910915499403321 952 $aDAM A10 RIEK 01$b2024/8666$fFLFBC 959 $aFLFBC 996 $aFisica e realtà$94303456 997 $aUNINA